| 000 | 004770000a22001810004500 | ||
|---|---|---|---|
| 003 | LK-CoMWRAF | ||
| 005 | 20231027134949.0 | ||
| 008 | 230817t ||||| |||| 00| 0 eng d | ||
| 040 |
_aLK-CoMWRAF _dLK-CoMWRAF _eLK-CoMWRAF |
||
| 041 | _aeng | ||
| 082 |
_a297.122 _bMEA |
||
| 245 | _aThe Meaning of the Glorious Koran | ||
| 260 |
_aU.S.A. : _bMentor books, _c1953 |
||
| 300 | _a464p | ||
| 650 | _aIslam-Koran | ||
| 700 |
_aPickthall, Mohammed Marmaduke _etrans. |
||
| 942 | _cBK | ||
| 999 |
_c1628 _d1628 |
||